00721nam a22001937a 450000500170000000800410001701700140005802000180007204000220009005000240011208200110013610000290014724501310017626000990030730000250040656300100043165000380044165000480047920250224212536.0220207b ||||| |||| 00| 0 eng d a2019-2161 a9789789632923 aNLNbEnglishdNLN aDT515.83.A235bA228 a922.89 aADELEYE, Kehinde O.eaut aAn exceptional grace of a seeing blindman :bthe biography of Pastor/Evangelist Michael Olaosebikan Adio /cKehinde O. Adeleye aIkeja, Lagos State (Plot A, Oluwalogbon House, Obafemi Awolowo Way):bAkoosa Publishers,c2017 a131p.:bports.; 21cm a(pbk) aAdio, Michael Olaosebikan, 1937 - aChrist Apostolic ChurchvClergy xBiography